Технология энергосбережения: учебник

Xehetasun bibliografikoak
Egile nagusia: Сибикин Ю. Д. Юрий Дмитриевич
Beste egile batzuk: Сибикин М. Ю. Михаил Юрьевич
Gaia:Рассмотрены вопросы энергосбережения в электро- и теплоэнергетике, использования нетрадиционных и возобновляемых источников энергии, ее учета и реализации. Приведены законодательные и нормативные основы энергосбережения, описаны практические способы реализации энергосберегающей политики на промышленных предприятиях, объектах жилищно-коммунального хозяйства (ЖКХ), транспорта, сельского хозяйства и бюджетных организаций, раскрыты экономические и экологические преимущества внедрения рациональных методов использования топливно-энергетических ресурсов (ТЭР). Даны рекомендации по дальнейшему улучшению использования ТЭР. Предназначен для студентов технических вузов энергетических и экологических специальностей, специалистов бюджетных организаций, ЖКХ, занимающихся вопросами энергосбережения, будет полезен энергетикам промышленных предприятий, транспорта, сельского хозяйства, преподавателям и слушателям курсов переподготовки кадров.
Hizkuntza:errusiera
Argitaratua: Москва, Форум, 2010
Edizioa:2-е изд., перераб. и доп.
Saila:Профессиональное образование
Gaiak:
Formatua: Liburua
KOHA link:https://koha.lib.tpu.ru/cgi-bin/koha/opac-detail.pl?biblionumber=187561

MARC

LEADER 00000nam0a2200000 4500
001 187561
005 20231101224056.0
010 |a 9785911344054 
035 |a (RuTPU)RU\TPU\book\203521 
035 |a RU\TPU\book\95005 
090 |a 187561 
100 |a 20101117d2010 m y0rusy50 ca 
101 0 |a rus 
102 |a RU 
105 |a a j 001zy 
200 1 |a Технология энергосбережения  |e учебник  |f Ю. Д. Сибикин, М. Ю. Сибикин 
205 |a 2-е изд., перераб. и доп. 
210 |a Москва  |c Форум  |d 2010 
215 |a 352 с.  |c ил. 
225 1 |a Профессиональное образование 
320 |a Библиогр.: с. 340-344. 
330 |a Рассмотрены вопросы энергосбережения в электро- и теплоэнергетике, использования нетрадиционных и возобновляемых источников энергии, ее учета и реализации. Приведены законодательные и нормативные основы энергосбережения, описаны практические способы реализации энергосберегающей политики на промышленных предприятиях, объектах жилищно-коммунального хозяйства (ЖКХ), транспорта, сельского хозяйства и бюджетных организаций, раскрыты экономические и экологические преимущества внедрения рациональных методов использования топливно-энергетических ресурсов (ТЭР). Даны рекомендации по дальнейшему улучшению использования ТЭР. Предназначен для студентов технических вузов энергетических и экологических специальностей, специалистов бюджетных организаций, ЖКХ, занимающихся вопросами энергосбережения, будет полезен энергетикам промышленных предприятий, транспорта, сельского хозяйства, преподавателям и слушателям курсов переподготовки кадров. 
606 1 |a Энергосбережение  |2 stltpush  |3 (RuTPU)RU\TPU\subj\27845  |9 51534 
610 1 |a энергетика 
610 1 |a государственная энергосберегающая политика 
610 1 |a Россия 
610 1 |a перспективы 
610 1 |a энергоаудит 
610 1 |a природоохранная деятельность 
610 1 |a экология 
610 1 |a тепловые электростанции 
610 1 |a энергоресурсы 
610 1 |a ветроэнергетика 
610 1 |a нетрадиционные источники энергии 
610 1 |a энергия 
610 1 |a ветроэнергетика 
610 1 |a солнечная энергетика 
610 1 |a малая гидроэнергетика 
610 1 |a уголь 
610 1 |a топливо 
610 1 |a горючие сланцы 
610 1 |a битуминозные породы 
610 1 |a спиртовое топливо 
610 1 |a водородная энергетика 
610 1 |a вторичные ресурсы 
610 1 |a тепловая энергия 
610 1 |a учет 
610 1 |a узлы учета 
610 1 |a себестоимость 
610 1 |a тарифы 
610 1 |a энергетический надзор 
610 1 |a учебники 
675 |a 620.9:658.5(075.32)  |v 3 
700 1 |a Сибикин  |b Ю. Д.  |g Юрий Дмитриевич 
701 1 |a Сибикин  |b М. Ю.  |g Михаил Юрьевич 
801 1 |a RU  |b 63413507  |c 20051226  |g PSBO 
801 2 |a RU  |b 63413507  |c 20150605  |g PSBO 
900 |a Энергосбережение в энергосистемах 
900 |a Энергосбережение на промышленных предприятиях 
900 |a Энергосбережение 
900 |a Энергоснабжение промышленных предприятий 
900 |a Экология в электроэнергетике 
900 |a Рациональное природопользование 
900 |a Нетрадиционные и возобновляемые источники энергии 
900 |a Нетрадиционные способы производства электроэнергии 
900 |a Ветроэлектростанции 
900 |a Солнечная энергетика и фотоэлектростанции 
900 |a Оптимизация и энергосбережение 
900 |a Энергосбережение в электрических сетях 
942 |c BK 
952 |b 150900  |b 151001